000 00645nam a2200241Ia 4500
003 OSt
005 20221005070041.0
006 a|||||r|||| 00| 0
007 ta
008 221004b |||||||| |||| 00| 0 mar d
024 _a40308
037 _cTextual
040 _aCRL
_cCRL
_bmar
041 _2mar
_amar
082 _aO155,2M83,6, J6
100 _aVerarkar B.V.
_9605257
245 0 _aKareen tee Purva
260 _aMumbai
_bNavbharat prakashan India
_c1956
300 _a83p.
_ccm.
650 _aMARATHI LITERATURE
_938000
942 _hO155,2M83,6, J6
_cTEXL
_2cc
999 _c975587
_d975587